00869nam a22001937a 450000500170000000800410001702000150005805000250007310000350009824501280013325000110026126001580027230000220043050400340045260000400048665000590052665000340058571000560061920220912130738.0140702t mx ||||| |||| 00| 0 spa d a970712331104aKGF2530.S9bC33 20041 aCabrera Acevedo, Lucio,eautor13aLa Suprema Corte de Justicia durante el gobierno del Presidente Gustavo Díaz Ordaz (1965-1970) c/ Lucio Cabrera Acevedo. a1a ed. aMéxico :bDirección General de la Coordinación de Compilación y Sistematización de Tesis de la Suprema Corte de Justicia de la Nación,cc2004 a469 p. ; c33 cm. aBibliografía : p. 467 - 46904aDíaz Ordaz, Gustavo,y1911 - 1979 72lembaAdministración de JusticiaxHistoriazMéxico 72lembaPresidentesy1965- 19701 aSuprema Corte de Justicia de la Nación (México)